|
|
|
|
| LEADER |
01149nam a2200289 a 4500 |
| 001 |
27012 |
| 008 |
130520s2010 enka b 001 0 eng d |
| 010 |
|
|
|a 2010925938
|
| 020 |
|
|
|a 9781847202413 (cased)
|
| 020 |
|
|
|a 1847202411 (hbk.)
|
| 040 |
|
|
|a UKM
|c UKM
|d YDXCP
|d CDX
|d WCL
|d BWX
|d DLC
|d BD-DhAAL.
|
| 082 |
0 |
4 |
|a 320.4
|2 22
|
| 245 |
0 |
0 |
|a Handbook on multi-level governance /
|c edited by Henrik Enderlein, Sonja Walti and Michael Zurn.
|
| 260 |
|
|
|a Cheltenham, UK ;
|a Northampton, MA :
|b Edward Elgar,
|c c2010.
|
| 300 |
|
|
|a x, 504 p. :
|b ill. ;
|c 25 cm.
|
| 504 |
|
|
|a Includes bibliographical references and index.
|
| 541 |
|
|
|e 27102
|
| 650 |
|
0 |
|a Decentralization in government.
|
| 650 |
|
0 |
|a International relations.
|
| 650 |
|
0 |
|a Intergovernmental cooperation.
|
| 650 |
|
0 |
|a Regionalism (International organization)
|
| 700 |
1 |
|
|a Enderlein, Henrik.
|
| 700 |
1 |
|
|a Walti, Sonja.
|
| 700 |
1 |
|
|a Zurn, Michael.
|
| 852 |
1 |
|
|a Ayesha Abed Library
|j General shelf.
|
| 999 |
|
|
|c 13470
|d 13470
|
| 952 |
|
|
|0 0
|1 0
|2 ddc
|4 0
|6 320_400000000000000_HAN
|7 0
|9 22418
|a IGS
|b IGS
|c GEN
|d 2013-05-20
|e Karim International
|g 4560.00
|l 0
|o 320.4 HAN
|p 3010027012
|r 2013-05-20
|t 1
|w 2013-05-20
|y BK
|